00853 2200325 4500001002100000005001500021035002000036007000300056040001700059100002500076245004800101250001000149300003400159020002200193041000800215082001000223084001600233090002200249264003500271336002100306337003000327338002300357650002300380850001000403008004100413504002500454990001600479990001600495990001600511INLIS00000000000944420260420100604 a0010-1222000049ta aSBPUPADbind0 aTim Pplh:ePengarang1 aKeanekaragaman Hayati Indonesia /cTim Pplh aCet.1 aiii 22 hlm. :bilus. ;c15 cm a978-602-8179-42-307aind a639.9 a639.9 TIM k a631.1 WHO b 14-1 aJakarta :bRizky Grafis,c2008 2rdacontentateks 2rdamediaatanpa perantara 2rdacarrieravolume 4aTeknologi terampil aPUPAD260420 0  abibiliografi, hlm 22 a9492/H/KAPD a9494/H/KAPD a9493/H/KAPD